Interactive cases in organizational behavior/
I tiakina i:
| Kaituhi matua: | |
|---|---|
| Hōputu: | Pukapuka |
| Reo: | Ingarihi |
| I whakaputaina: |
Scott, Foresman
1988
|
| Tags: |
Tāpirihia he Tūtohu
No Tags, Be the first to tag this record!
|
MARC
| LEADER | 00000nam a22000007a 4500 | ||
|---|---|---|---|
| 008 | 201214b ||||| |||| 00| 0 eng d | ||
| 020 | |a 0-673-38040-8 | ||
| 100 | |a MOBERG, Dennis J. |a Caldwell, David F | ||
| 245 | |a Interactive cases in organizational behavior/ |c Dennis J. Moberg with David F. Caldwell |g 598p.; ill. | ||
| 260 | |b Scott, Foresman |c 1988 |h Glenview, Ill |i 292262 |i 292263 |l HD58.7 .M71 |m Organizational behavior |m Organizational behavior – Case studies | ||
| 500 | |a It includes references and CD-ROM | ||
| 942 | |a lcc |c BK |e Kuteyi, M. A. |f 14/12/2020 | ||
| 952 | |0 0 |1 0 |2 lcc |4 0 |6 HD00587 M71 |7 0 |9 443 |a HOL |b EDM |c GJ |d 2020-12-14 |l 0 |o HD58.7 .M71 |p 2020-2172 |r 2020-12-14 00:00:00 |w 2020-12-14 |y BK | ||
| 952 | |0 0 |1 0 |2 lcc |4 0 |6 HD00587 M71 |7 0 |9 444 |a HOL |b HOL |c GJ |d 2020-12-14 |l 0 |o HD58.7 .M71 |p 2020-2173 |r 2020-12-14 00:00:00 |w 2020-12-14 |y BK | ||
| 999 | |c 224 |d 224 | ||